La flor de la serranía (Record no. 154992)

MARC details
000 -LEADER
campo de control de longitud fija 01047nam a22002055i 4500
001 - NÚMERO DE CONTROL
campo de control 154992
003 - IDENTIFICADOR DE NÚMERO DE CONTROL
campo de control ES-MaACL
005 - FECHA Y HORA DE LA ÚLTIMA TRANSACCIÓN
campo de control 20251115063310.0
008 - DATOS DE LONGITUD FIJA--INFORMACIÓN GENERAL
campo de control de longitud fija 020322s1856 sp |||| | spa d
040 ## - FUENTE DE CATALOGACIÓN
Centro catalogador/agencia de origen CAM
Lengua de catalogación spa
Centro/agencia transcriptor CAM
100 1# - ENTRADA PRINCIPAL--NOMBRE DE PERSONA
Nombre de persona Gutiérrez de Alba, José María,
Fechas asociadas al nombre 1822-1897
9 (RLIN) 127661
245 13 - MENCIÓN DEL TÍTULO
Título La flor de la serranía
Resto del título : zarzuela en un acto y en verso /
Mención de responsabilidad, etc. original de Jose María Gutierrez de Alba ; música de Cristobal Oudrid.
260 ## - PUBLICACIÓN, DISTRIBUCIÓN, ETC.
Lugar de publicación, distribución, etc. Madrid :
Nombre del editor, distribuidor, etc. [s.n.],
Fecha de publicación, distribución, etc. 1856 (
Fabricante Imprenta de la Compañía general de Impresores y Libreros del Reino)
300 ## - DESCRIPCIÓN FÍSICA
Extensión 24 p. ;
Dimensiones 20 cm.
500 #1 - NOTA GENERAL
Nota general Representada por primera vez en Madrid en el teatro de verano en la noche del 2 de agosto de 1856.
500 ## - NOTA GENERAL
Nota general Solo el texto.
700 0# - ENTRADA AGREGADA--NOMBRE PERSONAL
Nombre de persona Oudrid, Cristóbal.
9 (RLIN) 87969
852 ## - LOCALIZACIÓN
Ubicación ES-MaACL
Número de control de estantería F-8550(11)
Nota libre -- Enc. pasta española
-- -- Firma ms de Gustavo Sáenz Díez, 1877
condición física -- Falto de la cub. original
Nota libre -- Enc. en un vol. facticio, formando parte de la col. facticia "Teatro español moderno", vol. 2
Holdings
Estatus retirado Estado de pérdida Estado de daño No para préstamo Colección Biblioteca de origen Biblioteca actual Ubicación en estantería Fecha de adquisición Total de préstamos Signatura topográfica completa Código de barras Visto por última vez Precio de reemplazo Tipo de ítem Koha
        Libros del s. XIX Biblioteca del Ateneo de Madrid Biblioteca del Ateneo de Madrid Sala Pecera Planta 2 17/01/2008   F-8550(11) 1162128 23/02/2023 23/02/2023 Libro impreso antiguo